000 00358nam a2200145Ia 4500
008 230711s9999||||xx |||||||||||||| ||und||
041 _aENG
082 _a720
_bKO-C
100 _aKobayashi Haruto
245 0 _aCreative environments japanese
250 _a3rd Ed.
260 _c1985
_aLondon
_bButterworth-Heinemann Ltd
650 _aArchitecture
942 _cBK
999 _c302
_d302